[Event "SWE-chT 0304"]
[Site "Sweden"]
[Date "2004.??.??"]
[Round "6"]
[White "Andreasson, Ingvar"]
[Black "Nicklasson, Christer"]
[Result "1/2-1/2"]
[WhiteElo "2401"]
[BlackElo "2418"]
[PlyCount "39"]
[EventDate "2003.10.??"]
[EventType "team"]
[EventRounds "11"]
[EventCountry "SWE"]
[SourceTitle "EXT 2005"]
[Source "ChessBase"]
[SourceDate "2004.11.15"]
[SourceVersion "1"]
[SourceVersionDate "2004.11.15"]
[SourceQuality "1"]
[WhiteTeam "Kamraterna"]
[BlackTeam "Lund"]
[WhiteTeamCountry "SWE"]
[BlackTeamCountry "SWE"]

1. e4 c5 2. Nf3 e6 3. d3 b6 4. g3 Bb7 5. Bg2 Nf6 6. 0-0 Be7 7. Re1 d6 8. c3 0-0 9. a3 Nbd7 10. Nbd2 Qc7 11. Qe2 Rfd8 12. b3 Rac8 13. Bb2 Ba6 14. a4 Ne5 15. Nxe5 dxe5 16. Nc4 Nd7 17. Rad1 Nb8 18. Bc1 Nc6 19. Bf1 Bb7 20. f4 1/2-1/2

[Event "SWE-chT 0304"]
[Site "Sweden"]
[Date "2003.??.??"]
[Round "2"]
[White "Cramling, Dan"]
[Black "Nicklasson, Christer"]
[Result "0-1"]
[WhiteElo "2394"]
[BlackElo "2414"]
[PlyCount "100"]
[EventDate "2003.10.??"]
[EventType "team"]
[EventRounds "11"]
[EventCountry "SWE"]
[SourceTitle "EXT 2005"]
[Source "ChessBase"]
[SourceDate "2004.11.15"]
[SourceVersion "1"]
[SourceVersionDate "2004.11.15"]
[SourceQuality "1"]
[WhiteTeam "Passanten"]
[BlackTeam "Lund"]
[WhiteTeamCountry "SWE"]
[BlackTeamCountry "SWE"]

1. c4 f5 2. d4 Nf6 3. g3 g6 4. Bg2 Bg7 5. Nc3 0-0 6. Nh3 Nc6 7. d5 Ne5 8. b3 c5 9. 0-0 d6 10. Qc2 a6 11. a4 b6 12. Ng5 Rb8 13. f4 Neg4 14. h3 Nh6 15. Bb2 Ne8 16. e4 Bd4+ 17. Kh2 fxe4 18. Bxe4 Rf6 19. Rae1 Ng7 20. Nf3 Nhf5 21. Qd2 h5 22. Nxd4 Nxd4 23. Ne2 Qd7 24. Bg2 Nxb3 25. Qd3 Nd4 26. Nxd4 cxd4 27. Bxd4 Rf5 28. g4 hxg4 29. hxg4 Rf7 30. Bh3 Qxa4 31. Qxg6 Qxc4 32. Bxg7 Rxg7 33. Qe8+ Kh7 34. Rxe7 Qc2+ 35. Re2 Qg6 36. Qxg6+ Kxg6 37. Kg3 Bd7 38. f5+ Kg5 39. Re6 Bxe6 40. dxe6 Kf6 41. Kf4 Rc8 42. Re1 Rc4+ 43. Kf3 Rc3+ 44. Kg2 b5 45. e7 Rxe7 46. g5+ Kf7 47. g6+ Kf6 48. Rxe7 Kxe7 49. g7 Kf7 50. f6 Rxh3 0-1